000 00737nam a2200205Ii 4500
003 JO-AjNU
008 230605s9999||||xx |||||||||||||| ||und||
040 _aJO-AjNU
_bara
_erda
_cJO-AjNU
041 _aara
050 1 4 _aHT151 .J8468 1997
100 3 _aالجولاني، فادية عمر,
_eauthor
_914452
245 0 0 _aعلم الاجتماع الحضري
264 3 1 _aالاسكندرية: مؤسسة شباب الجامعة، 1997
300 _a191ص
_bيحتوي على ببلوغرافية من 185-191ص
336 _atext
_btxt
_2rdacontent
337 _aunmediated
_bn
_2rdamedia
338 _avolume
_bnc
_2rdacarrier
490 0 _a سلسلة الكتاب الجامعي 
650 4 _aعلم اجتماع حضري
_914453
999 _aA3857
_c7425
_d7425